000 00471nam a22001937a 4500
003 MPLRDC
005 20220104114020.0
008 210129b ||||| |||| 00| 0 eng d
020 _a957-8519-27-3
082 _a857.45 BZ-5 v.1
100 _a毕珍
245 _a后妃丑闻
_c
250 _a初版
260 _a
_b不二出版有限公司
_c1992
300 _b
490 _a中国历史传奇系列. 1
650 _a历史小说
942 _cBK
_o857.45 BZ-5 v.1
999 _c4148
_d4138